Tour of twenty thanas : (Record no. 3777)

MARC details
000 -LEADER
fixed length control field 00657nam a22001937a 4500
001 - CONTROL NUMBER
control field BD-DhSAU 3777
003 - CONTROL NUMBER IDENTIFIER
control field BD-DhSAU
005 - DATE AND TIME OF LATEST TRANSACTION
control field 20150210095515.0
008 - FIXED-LENGTH DATA ELEMENTS--GENERAL INFORMATION
fixed length control field 150210s1971 bg a||||r|||| 00| 0 eng d
040 ## - CATALOGING SOURCE
Original cataloging agency BD-DhSAU
082 ## - DEWEY DECIMAL CLASSIFICATION NUMBER
Edition number 22
Classification number 307.1412
Item number TOU
100 ## - MAIN ENTRY--PERSONAL NAME
Personal name Khan, Akhter Hamid
245 ## - TITLE STATEMENT
Title Tour of twenty thanas :
Remainder of title Impressions of drainage-roads, irrigation & co-operative programmes /
Statement of responsibility, etc. Akhter Hamid Khan
260 ## - PUBLICATION, DISTRIBUTION, ETC. (IMPRINT)
Place of publication, distribution, etc. Comilla :
Name of publisher, distributor, etc. Bangladesh Academic for Rural Development ,
Date of publication, distribution, etc. 1971.
300 ## - PHYSICAL DESCRIPTION
Extent 114 p. :
Other physical details ill. ;
Dimensions 22 cm.
590 ## - Name of Cataloguer
Name of Cataloger erfat
650 ## - SUBJECT ADDED ENTRY--TOPICAL TERM
Topical term or geographic name as entry element Drainage-roads
Geographic subdivision Bangladesh.
650 ## - SUBJECT ADDED ENTRY--TOPICAL TERM
Topical term or geographic name as entry element Irrigation & co-operative programmes
Geographic subdivision Bangladesh.
942 ## - ADDED ENTRY ELEMENTS (KOHA)
Source of classification or shelving scheme Dewey Decimal Classification
Koha item type Book
Holdings
Withdrawn status Lost status Source of classification or shelving scheme Damaged status Not for loan Home library Branch Name Shelving location Date acquired Total Checkouts Full call number Barcode Date last seen Price effective from Koha item type Collection code
    Dewey Decimal Classification     SAU Library SAU Library General Stacks 13/06/1978   307.1412 TOU 3445 10/02/2015 10/02/2015 Book  
    Dewey Decimal Classification   Not For Loan SAU Library SAU Library Reference 30/05/2015   307.1412 TOU 3444 30/05/2015 30/05/2015 Book Reference